[Event "White Rose Int 1st"]
[Site "Wakefield"]
[Date "1999.07.20"]
[Round "4"]
[White "Lim Chin Lee"]
[Black "Mossong, Hubert"]
[Result "1-0"]
[WhiteElo "2110"]
[BlackElo "2245"]

1.e4 c5 2.Nf3 Nc6 3.Bb5 g6 4.Bxc6 dxc6 5.O-O Bg7 6.Nc3 e5 7.d3 Qe7 8.Be3 Nf6
9.a4 O-O 10.h3 Ne8 11.a5 Nc7 12.Qd2 Re8 13.Na4 Na6 14.Ra3 c4 15.dxc4 Be6
16.c5 Rad8 17.Qc3 f6 18.Raa1 Rd7 19.Rad1 Red8 20.Rxd7 Rxd7 21.b3 h6 22.Re1 Qf7
23.Bc1 Bf8 24.Bb2 Qe7 25.Ba3 Kh7 26.Qe3 Qd8 27.b4 h5 28.Qe2 Bh6 29.Rb1 Nc7
30.Nc3 Bd2 31.Bb2 Bh6 32.Rd1 Rxd1+ 33.Qxd1 Qxd1+ 34.Nxd1 g5 35.Ne1 g4 36.hxg4 hxg4
37.Nd3 Bd2 38.Bc3 Bh6 39.Bb2 Nb5 40.Ne3 Bxe3 41.fxe3 a6 42.Kf2 Kh6 43.Ke2 Kg5
44.g3 Bc4 45.Kd2 Nc7 46.Bc1 Ne8 47.Kc3 Bf7 48.Nb2 Ng7 49.Bd2 f5 50.exf5 Kxf5
51.Kd3 Bd5 52.Ke2 Ke4 53.Na4 Bc4+ 54.Kf2 Kf5 55.Nc3 Bd5 56.Nxd5 cxd5 57.b5 Ne6
58.c6 bxc6 59.bxc6 Nc7 60.Bb4 Ke6 61.e4 Nb5 62.Ke3 d4+ 63.Kd3 Na7 64.c7 Kd7
65.Kc4 Kc6 66.Bf8 Kxc7 67.Kd5 Nc6 68.Bd6+ Kd7 69.Bxe5 Nb4+ 70.Kxd4 Nxc2+
71.Kc5 Ne3 72.Bf4 Nd1 73.Be5 Nf2 74.Kd4 Ke6 75.Bb8 Nd1 76.Bf4 Nf2 77.Ke3 Nd1+
78.Ke2 Nb2 79.Bd2  1-0

[Event "White Rose Int 1st"]
[Site "Wakefield"]
[Date "1999.07.20"]
[Round "4"]
[White "Bjornsson, Sigurbjorn"]
[Black "Beaumont, Chris"]
[Result "1/2-1/2"]
[WhiteElo "2254"]
[BlackElo "2295"]

1.e4 c5 2.Nf3 Nc6 3.Bb5 g6 4.O-O Bg7 5.Bxc6 dxc6 6.d3 e5 7.Nbd2 Qe7 8.a3 Nf6
9.b4 Nd7 10.Nc4 O-O 11.Bb2 f6 12.Qe2 Rd8 13.Rfd1 Nb6 14.Nxb6 axb6 15.c3 Re8
16.Nd2 Be6 17.h3 Rad8 18.bxc5 Qxc5 19.a4 b5 20.axb5 Qxb5 21.Nf3 Bb3 22.Rd2 Bh6
23.c4 Qb6 24.Bc3 Bxd2 25.Bxd2 Bc2 26.Ne1 Qb3 27.Qf3 Rxd3 28.Nxd3 Qxd3 29.Be3 Kg7
30.Qg4 h5 31.Qf3 Qxe4 32.Ra7 Re7 33.Qe2 Qd3 34.Qe1 Qd1 35.Qxd1 Bxd1 36.h4 Be2
37.c5 Rd7 38.Ra2 Rd1+ 39.Kh2 Bg4 40.Rb2 Rd7 41.Kg3 Be6 42.Rb4 Kf7 43.Rb2 Bc4
44.Rb4 Ba6 45.Rb2 Ke6 46.f3 Rd3 47.Kf2 Kd5 48.Rc2 Bc4 49.Rb2 Ba6 50.Rc2 Rb3
51.Rd2+ Bd3 52.Kg3 f5 53.Bf2 Kc4 54.Rd1 f4+ 55.Kh2 Rb2 56.Bg1 e4 57.fxe4 f3
58.Kg3 fxg2 59.Bf2 Re2 60.Rc1+ Kb5 61.Kxg2 Rxe4 62.Rc3 Rg4+ 63.Kf3 Be4+ 64.Ke2 Bd5
65.Rc1 Rb4 66.Rc2 Be4 67.Rd2 Rb3 68.Be3 Bd5 69.Rc2 Rb4 70.Bf2 Re4+ 71.Kd2 Kb4
72.Kd3 Rf4 73.Ke3 Rg4 74.Ke2 Bc4+ 75.Kf3 Ba6 76.Rd2 Kc4 77.Rd7 g5 78.Rg7 Rf4+
79.Kg3 Rxf2 80.Kxf2 gxh4 81.Rg5 Kd4 82.Rxh5 Bc4 83.Ke1 Bd5 84.Kd2 Kxc5 85.Kc3 Kb5
86.Rxh4 c5 87.Rh5 Bc6 88.Rg5 b6 89.Rh5 Be4 90.Rh4  1/2-1/2

[Event "Komercni Banka op"]
[Site "Pardubice"]
[Date "1999.07.21"]
[Round "6"]
[White "Kotan, Ladislav"]
[Black "Pisk, Petr"]
[Result "0-1"]
[WhiteElo "2317"]
[BlackElo "2419"]

1.e4 c5 2.Nf3 Nc6 3.Bb5 e6 4.O-O Nge7 5.c3 a6 6.Ba4 c4 7.d4 cxd3 8.Qxd3 Qc7
9.Re1 Ng6 10.Nbd2 Be7 11.Nf1 O-O 12.Bc2 f6 13.Nd4 b5 14.Nxc6 Qxc6 15.Rd1 Rd8
16.Qg3 Bb7 17.Ne3 Rac8 18.Ng4 d5 19.exd5 Rxd5 20.Rxd5 Qxd5 21.Ne3 Qc6 22.Bb3 Kh8
23.Nc2 e5 24.Ne1 Rd8 25.h4 f5 26.Bg5 f4 27.Qg4 Bc8 28.Qh5 Bxg5 29.Qxg5 Qf6
30.Qxf6 gxf6 31.h5 Ne7 32.Rd1 Rxd1 33.Bxd1 Be6 34.a3 Bc4 35.Nf3 Kg7 36.Nd2 Bd5
37.g4 fxg3 38.fxg3 Kh6 39.Kf2 Kg5 40.Be2 f5 41.b4 Bf7 42.Nf3+ Kf6 43.Nd2 Nd5
44.c4 Nc3 45.Bf1 Bxh5 46.Ke3 Nd1+ 47.Kd3 e4+ 48.Nxe4+ fxe4+ 49.Kxe4 Nc3+
50.Kd4 Ne2+ 51.Kc5 bxc4 52.Kxc4 Nxg3 53.Bg2 Be2+ 54.Kc5 Ke5 55.a4 Ne4+ 56.Kb6 h5
57.Ka5 Nc3 58.Bc6 h4 59.Bg2 Kf4 60.Bb7 h3  0-1

[Event "Komercni Banka op"]
[Site "Pardubice"]
[Date "1999.07.21"]
[Round "6"]
[White "Totsky, Leonid"]
[Black "Chernyshov, Konstantin"]
[Result "0-1"]
[WhiteElo "2521"]
[BlackElo "2483"]

1.e4 c5 2.Nf3 Nc6 3.Bb5 e6 4.O-O Nge7 5.b3 a6 6.Bxc6 Nxc6 7.Bb2 f6 8.Nh4 Qe7
9.f4 Qf7 10.Na3 b5 11.c4 b4 12.Nc2 Bb7 13.Kh1 Be7 14.Qe2 f5 15.Nf3 fxe4 16.Qxe4 O-O-O
17.Qe2 Qh5 18.d4 Bf6 19.Qe3 Rhf8 20.Rad1 Qf5 21.Rf2 g5 22.fxg5 Bxg5 23.Qe2 cxd4
24.Ncxd4 Nxd4 25.Bxd4 Bf4 26.Re1 Rg8 27.Be5 Rxg2 28.Rxg2 Bxe5 29.Nh4 Qf4
30.Qxe5 Qxh4 31.Qc5+ Kb8 32.Re2 Rg8 33.Qe5+ Ka8 34.Kg1 Bxg2 35.Rxg2 Rf8 36.Qe3 Qf6
37.h3 Qf1+ 38.Kh2 Qf4+ 39.Qxf4 Rxf4 40.Rd2 Rf7 41.Kg3 Kb7 42.Rd6 a5 43.c5 Kc7
44.Ra6 Rf5 45.Rxa5 Kc6 46.a3 Rxc5 47.axb4 Rc3+ 48.Kg2 Rxb3 49.Rc5+ Kd6 50.Rc4 Ke5
51.Rh4 d5 52.Kf2 d4 53.b5 Kd5 54.Rxh7 Rxb5 55.h4 Ke4 56.h5 Rf5+ 57.Ke1 Ke3
58.Re7 e5 59.h6 d3  0-1

[Event "White Rose Int 1st"]
[Site "Wakefield"]
[Date "1999.07.22"]
[Round "6"]
[White "Lim Chin Lee"]
[Black "White, Mark"]
[Result "0-1"]
[WhiteElo "2110"]
[BlackElo "2144"]

1.e4 c5 2.Nf3 Nc6 3.Bb5 g6 4.Bxc6 dxc6 5.d3 Bg7 6.O-O e5 7.Nc3 Qe7 8.Be3 Nf6
9.h3 O-O 10.a4 Nd7 11.a5 Rd8 12.Qe1 Nf8 13.Ne2 Ne6 14.Bc1 Nd4 15.Nexd4 cxd4
16.b3 f6 17.Nd2 Bh6 18.Ba3 Qc7 19.Nc4 Be6 20.Qe2 b5 21.axb6 axb6 22.Qf3 Bg7
23.Rfb1 b5 24.Nd2 c5 25.Bb2 Ra5 26.Qe2 Rda8 27.Rxa5 Rxa5 28.c4 dxc3 29.Bxc3 Ra2
30.Qe3 Rc2 31.Ba1 Qa5 32.Rd1 Ra2 33.Qe1 Bh6 34.b4 Qxb4 35.Nf1 Qxe1 36.Rxe1 Bb3
37.Ne3 Bxe3 38.fxe3 Bc2 39.d4 Bxe4 40.g4 b4 41.dxc5 b3 42.Rc1 Rxa1 43.Rxa1 b2
44.Rd1 b1=Q 45.Rxb1 Bxb1 46.c6 Be4 47.c7 Bb7 48.Kf2 Kf7 49.Kg3 Ke6 50.g5 f5
51.e4 fxe4 52.Kf2 Kd7  0-1

[Event "White Rose Int 1st"]
[Site "Wakefield"]
[Date "1999.07.22"]
[Round "6"]
[White "Dunnington, Angus J"]
[Black "Beaumont, Chris"]
[Result "1-0"]
[WhiteElo "2366"]
[BlackElo "2295"]

1.e4 c5 2.Nf3 Nc6 3.Bb5 g6 4.Bxc6 dxc6 5.d3 Bg7 6.O-O e5 7.a3 Qe7 8.b4 Nf6
9.Be3 Nd7 10.Qd2 O-O 11.Qc3 Re8 12.Nbd2 Bf8 13.Rfb1 f6 14.Nc4 b6 15.Nfd2 Ba6
16.Nb3 Qf7 17.Ncd2 cxb4 18.axb4 Bb5 19.Qb2 Nb8 20.Bxb6 Bxb4 21.Bc5 Na6 22.Rxa6 Bxd2
23.Raa1 Bh6 24.c4 Bxc4 25.dxc4 Qxc4 26.Bxa7 Qxe4 27.Nc5  1-0

[Event "Komercni Banka op"]
[Site "Pardubice"]
[Date "1999.07.23"]
[Round "8"]
[White "Hasangatin, Ramil"]
[Black "Shumiakina, Tatiana"]
[Result "1/2-1/2"]
[WhiteElo "2449"]
[BlackElo "2351"]

1.e4 c5 2.Nf3 Nc6 3.Bb5 e6 4.Bxc6 bxc6 5.d3 Ne7 6.Bd2 Ng6 7.h4 h5 8.e5 f6
9.Qe2 Nxe5 10.Nxe5 fxe5 11.Qxe5 Qf6 12.Qg3 Qxb2 13.Qg6+ Kd8 14.O-O Qe5 15.Re1 Qxa1
16.Ba5+ Ke7 17.Bc3 Qxa2 18.Bxg7 Bxg7 19.Qxg7+ Kd6 20.Qxh8 Kc7 21.Qc3 a5 22.Qxc5 Qd5
23.Qc3 d6 24.Nd2 Bd7 25.Nc4 Qc5 26.Ra1 a4 27.d4 Qb5 28.Nd2 Qa5 29.Qd3 Qf5
30.Qe3 Qa5 31.Qd3 Qf5 32.Qe3  1/2-1/2

[Event "Korinthos op 3rd"]
[Site "Korinthos"]
[Date "1999.07.25"]
[Round "2"]
[White "Tzoumbas, Anastasios"]
[Black "Mihailidis, Anastasios"]
[Result "1-0"]
[WhiteElo "2347"]
[BlackElo "2090"]

1.e4 c5 2.Nf3 Nc6 3.Bb5 d6 4.O-O Nf6 5.Re1 Bd7 6.c3 a6 7.Bf1 g6 8.a3 Bg7
9.b4 O-O 10.h3 b5 11.bxc5 dxc5 12.d4 cxd4 13.cxd4 Qc7 14.Ra2 Rac8 15.Bd2 Qb7
16.d5 Na7 17.Bb4 Rfe8 18.Nbd2 e6 19.e5 Nxd5 20.Ne4 Nxb4 21.axb4 Bc6 22.Nd6 Qb6
23.Qd4 Qxd4 24.Nxd4 Red8 25.Nxc8 Rxc8 26.Rxa6 Rc7 27.Nxc6 Nxc6 28.Ra8+ Bf8
29.Rc1  1-0

[Event "Glorney Cup U20"]
[Site "Bruges"]
[Date "1999.07.26"]
[Round "1"]
[White "Walden Jones, Andrew"]
[Black "Mach, Petr"]
[Result "0-1"]
[WhiteElo "2159"]
[BlackElo "2190"]

1.e4 c5 2.Nf3 Nc6 3.Bb5 d6 4.Bxc6+ bxc6 5.O-O e5 6.d3 Bg4 7.b3 g6 8.h3 Bxf3
9.Qxf3 Bg7 10.Bb2 Ne7 11.Qe2 g5 12.Nd2 O-O 13.Qh5 h6 14.Nc4 f5 15.h4 f4 16.hxg5 hxg5
17.Qxg5 f3 18.Ne3 Rf6 19.Qh5 Qf8 20.Bc1 Rg6 21.Ng4 Kf7 22.gxf3 Qc8 23.Bg5 Qe6
24.Bxe7 Qxe7 25.Qf5+ Bf6 26.Rfe1 Kg7 27.Kf1 Bg5 28.Ne3 Bxe3 29.Rxe3 Rg5 30.Qh3 Rh8
31.Qxh8+ Kxh8 32.Ke2 Qh7 33.Rf1 Qh2 34.Kd2 Rg1 35.Ree1 Rxf1 36.Rxf1 Qg2 37.Ke2 Kg7
38.c3 Kf6 39.Rd1 d5 40.exd5 cxd5 41.b4 cxb4 42.cxb4 Kf5 43.d4 e4 44.fxe4+ Qxe4+
45.Kf1 Qc2 46.Ke1 Qxa2 47.b5 Qa5+ 48.Ke2 Qxb5+ 49.Ke3 a5 50.f4 Qb3+  0-1

[Event "Dutch Open"]
[Site "Dieren"]
[Date "1999.07.26"]
[Round "7"]
[White "Van Wissen, Michiel E"]
[Black "Gershon, Alik"]
[Result "1/2-1/2"]
[WhiteElo "2201"]
[BlackElo "2492"]

1.e4 c5 2.Nf3 Nc6 3.Bb5 e6 4.O-O Nge7 5.Re1 a6 6.Bf1 d5 7.exd5 Qxd5 8.Nc3 Qd8
9.d3 Nf5 10.Bg5 f6 11.Nh4 Nd6 12.Be3 Nf7 13.g3 Be7 14.Bg2 Nd4 15.Na4 g5 16.Nf3 O-O
17.c3 Nxf3+ 18.Bxf3 Qc7 19.d4 Bd7 20.Nxc5 Bxc5 21.dxc5 Bc6 22.Bh5 Rad8 23.Qe2 Qe5
24.Rad1 Kg7 25.Bd4 Qxe2 26.Bxe2 e5 27.Be3 e4 28.Rxd8 Rxd8 29.Rd1 Rxd1+ 30.Bxd1 Ne5
31.Be2 Kf7 32.c4 Ke6 33.b4 Nd3 34.Bd2 f5 35.Kf1 g4 36.Bd1 Nb2 37.Be2 Nd3
38.Bd1 Nb2 39.Be2  1/2-1/2

[Event "Korinthos op 3rd"]
[Site "Korinthos"]
[Date "1999.07.26"]
[Round "3"]
[White "Stefanopoulos, Orestis"]
[Black "Halkias, Stelios"]
[Result "1/2-1/2"]
[WhiteElo "2254"]
[BlackElo "2406"]

1.e4 c5 2.Nf3 Nc6 3.Bb5 d6 4.O-O Bd7 5.Re1 Nf6 6.c3 a6 7.Bf1 Bg4 8.h3 Bxf3
9.Qxf3 g6 10.d3 Bg7 11.Be3 O-O 12.Nd2 Rc8 13.Qe2 b5 14.a3 Nd7 15.f4 Nb6 16.Nf3 Na4
17.Qf2 Qd7 18.d4 cxd4 19.cxd4 Na5 20.Rad1 d5 21.e5 f5 22.Bd3 Rc6 23.Kh1 Nb6
24.Nh2 Nbc4 25.g4 fxg4 26.hxg4 Bh6 27.Qh4 Bxf4 28.Bxf4 Rxf4 29.Rf1 Rxf1+
30.Rxf1 Ne3  1/2-1/2

[Event "Glorney Cup U20"]
[Site "Bruges"]
[Date "1999.07.27"]
[Round "2"]
[White "Menon, Shanker"]
[Black "Lode, Sebastien"]
[Result "1/2-1/2"]
[WhiteElo "2163"]
[BlackElo "2198"]

1.e4 c5 2.Nf3 Nc6 3.Bb5 g6 4.O-O Bg7 5.c3 e5 6.d3 Nge7 7.Be3 b6 8.d4 cxd4
9.cxd4 exd4 10.Nxd4 O-O 11.Nc3 Bb7 12.Qd2 a6 13.Be2 d5 14.exd5 Nxd4 15.Bxd4 Bxd4
16.Qxd4 Nxd5 17.Rad1  1/2-1/2

[Event "Korinthos op 3rd"]
[Site "Korinthos"]
[Date "1999.07.27"]
[Round "4"]
[White "Asik, Josip"]
[Black "Nikolaidis, Ioannis"]
[Result "0-1"]
[WhiteElo "2309"]
[BlackElo "2505"]

1.e4 c5 2.Nf3 Nc6 3.Bb5 g6 4.O-O Bg7 5.Re1 Nf6 6.c3 O-O 7.d4 d5 8.e5 Ne4
9.Nbd2 Nxd2 10.Bxd2 cxd4 11.cxd4 Bd7 12.Bxc6 Bxc6 13.Bg5 f6 14.exf6 exf6
15.Bf4 Qd7 16.Qd3 Rfe8 17.Nd2 Bf8 18.a3 Rac8 19.h3 Bb5 20.Qf3 Rxe1+ 21.Rxe1 Rc2
22.Ne4 dxe4  0-1

[Event "Korinthos op 3rd"]
[Site "Korinthos"]
[Date "1999.07.27"]
[Round "4"]
[White "Markidis, Konstantinos"]
[Black "Sideris, Theodoros"]
[Result "1-0"]
[WhiteElo "2295"]
[BlackElo "2101"]

1.e4 c5 2.Nf3 Nc6 3.Bb5 g6 4.Bxc6 dxc6 5.d3 Bg4 6.h3 Bxf3 7.Qxf3 Bg7 8.O-O Nf6
9.a4 O-O 10.Nd2 Ne8 11.Qe2 Nc7 12.f4 e6 13.e5 f6 14.exf6 Qxf6 15.Nc4 Nd5
16.Bd2 Qd4+ 17.Kh1 Nxf4 18.Bxf4 Rxf4 19.Rxf4 Qxf4 20.Rf1 Qg3 21.Qxe6+ Kh8
22.Nd6 Bxb2 23.Ne8 Rxe8 24.Qxe8+ Kg7 25.Qf8+  1-0

[Event "Biel MTO"]
[Site "Biel"]
[Date "1999.07.28"]
[Round "9"]
[White "Peptan, Corina"]
[Black "Pavlovic, Milos"]
[Result "0-1"]
[WhiteElo "2419"]
[BlackElo "2500"]

1.e4 c5 2.Nf3 Nc6 3.Bb5 e6 4.O-O Nge7 5.Re1 Nd4 6.Bf1 Nec6 7.c3 Nxf3+ 8.Qxf3 Be7
9.d3 O-O 10.Qg3 Kh8 11.Nd2 d6 12.Nf3 e5 13.d4 cxd4 14.cxd4 exd4 15.b3 d5
16.e5 Bf5 17.Bb2 Bb4 18.Nxd4 Nxd4 19.Bxd4 Bxe1 20.Rxe1 Qd7 21.h4 Qe6 22.h5 Rfc8
23.Qf4 h6 24.Re3 Rc7 25.Be2 Rac8 26.Bxa7 Ra8 27.Qd4 Rc1+ 28.Kh2 Rc2 29.Bf3 Be4
30.Bxe4 dxe4 31.Rxe4 Qf5 32.Rh4 Re2 33.a4 Rxe5 34.Bb6 Rae8 35.Qf4 Qxf4+ 36.Rxf4 Rxh5+
37.Kg3 Kg8 38.b4 Rg5+ 39.Kh2 Rge5 40.Rf3 R8e6 41.a5 Rh5+ 42.Rh3 Rxh3+ 43.Kxh3 Re5
44.Bc5 f5 45.Kg3 Kf7 46.Kf3 g5 47.g3 Ke6 48.Bb6 g4+ 49.Kg2 Rb5 50.Be3 h5
51.Bd2 Kd5  0-1

[Event "Lost Boys op"]
[Site "Antwerp"]
[Date "1999.07.30"]
[Round "1"]
[White "Schalkx, Johnny"]
[Black "Golod, Vitali"]
[Result "0-1"]
[WhiteElo "2271"]
[BlackElo "2568"]

1.e4 c5 2.Nf3 Nc6 3.Bb5 g6 4.O-O Bg7 5.Re1 e5 6.Bxc6 dxc6 7.d3 Qe7 8.a4 Nf6
9.Nbd2 Nd7 10.Nc4 O-O 11.Bd2 b6 12.Qb1 a5 13.Qa2 Kh8 14.Rf1 Ba6 15.Bc3 f6
16.Ne3 Rf7 17.Rae1 Nf8 18.Nc4 Qe6 19.Qb3 Nd7 20.Nfd2 Re7 21.Ne3 Kg8 22.Qxe6+ Rxe6
23.Ndc4 Bc8 24.Ra1 Ba6 25.g3 Rf8 26.f4 exf4 27.gxf4 f5 28.Bxg7 Kxg7 29.e5 g5
30.Nd6 gxf4 31.Nexf5+ Kh8 32.Rxf4 Nxe5 33.Raf1 c4 34.dxc4 c5 35.b3 Rg8+ 36.Kh1 Rgg6
37.Rg1 Ref6 38.h4 Nf7 39.Nxf7+ Rxf7 40.Re1 Rf8 41.Rff1 Bb7+ 42.Kh2 Rg2+ 43.Kh3 Rfg8
44.Re3 Rxc2 45.Rg3 Bg2+ 46.Rxg2 Rgxg2 47.Nh6 Rg6 48.Nf5 Rc3+ 49.Kh2 Rf6 50.h5 h6  0-1

[Event "Budapest  Agro GM"]
[Site "Budapest"]
[Date "1999.07.30"]
[Round "1"]
[White "Borgo, Giulio"]
[Black "Cao Sang"]
[Result "1/2-1/2"]
[WhiteElo "2444"]
[BlackElo "2501"]

1.e4 c5 2.Nf3 Nc6 3.Bb5 g6 4.Bxc6 dxc6 5.d3 Bg7 6.O-O e5 7.a3 Ne7 8.b4 cxb4
9.axb4 O-O 10.Bb2 Bg4 11.h3 Bxf3 12.Qxf3 a5 13.bxa5 Rxa5 14.Nd2 Rxa1 15.Rxa1 Qc7
16.Qe3 c5 17.Nc4 b5 18.Nd2 Rc8 19.g3  1/2-1/2

[Event "Korinthos op 3rd"]
[Site "Korinthos"]
[Date "1999.07.30"]
[Round "7"]
[White "Gelashvili, Tamaz"]
[Black "Banikas, Hristos"]
[Result "1/2-1/2"]
[WhiteElo "2531"]
[BlackElo "2507"]

1.e4 c5 2.Nf3 Nc6 3.Bb5 d6 4.O-O Bd7 5.Re1 Nf6 6.c3 a6 7.Bf1 Bg4 8.d3 e6
9.h3 Bh5 10.Nbd2 Nd7 11.Be2 Be7 12.Nf1 O-O 13.N3d2 Bxe2 14.Qxe2 d5 15.exd5 exd5
16.Nf3 Re8 17.Bf4 Nf8 18.Qd2 b5 19.d4 cxd4 20.Nxd4 Nxd4  1/2-1/2

[Event "Korinthos op 3rd"]
[Site "Korinthos"]
[Date "1999.07.30"]
[Round "7"]
[White "Stefanopoulos, Orestis"]
[Black "Tzoumbas, Anastasios"]
[Result "1/2-1/2"]
[WhiteElo "2254"]
[BlackElo "2347"]

1.e4 c5 2.Nf3 Nc6 3.Bb5 e6 4.O-O Nge7 5.b3 Nd4 6.Nxd4 cxd4 7.Bb2 a6 8.Be2 Nc6
9.c3 Bc5 10.a4 Qh4 11.Qc2 h5 12.Ba3 Ba7 13.Bd6 e5 14.Na3 Rh6 15.Nc4 Qg5 16.a5 Rg6
17.Bf3 h4 18.h3 Qh6 19.Bxe5 d6 20.Bh2 Bxh3 21.Nxd6+ Rxd6 22.Bxd6 Qxd6 23.gxh3 d3
24.Qd1 Qg3+ 25.Bg2  1/2-1/2

[Event "Aceimar op 6th"]
[Site "Mondariz Balneario"]
[Date "1999.07.31"]
[Round "5"]
[White "Moreno, Julian"]
[Black "Bueno Abalo, Manuel"]
[Result "1-0"]
[WhiteElo "2474"]
[BlackElo "2175"]

1.e4 c5 2.Nf3 Nc6 3.Bb5 g6 4.O-O Bg7 5.c3 Nf6 6.Re1 O-O 7.h3 a6 8.Bxc6 bxc6
9.e5 Nd5 10.c4 Nc7 11.d4 cxd4 12.Qxd4 d5 13.Qh4 Ne6 14.Bh6 Rb8 15.b3 dxc4
16.Bxg7 Kxg7 17.Qxc4 c5 18.Nbd2 Rb4 19.Qc3 Rf4 20.Re4 Rxe4 21.Nxe4 Qd5 22.Neg5 Nxg5
23.Nxg5 Bb7 24.Nf3 Rc8 25.Rc1 Qe6 26.Nh2 Qd5 27.f3 a5 28.Ng4 a4 29.bxa4 Qxa2
30.a5 c4 31.e6+ f6 32.Qb4 Rc7 33.Qb6 Qd2 34.Qxc7 Qxc1+ 35.Kh2 Qa3 36.Qxb7 Qd6+
37.Kg1 Qc5+ 38.Nf2 c3 39.Qb1 Qxa5 40.Qc1 Qe5 41.Qc2 Qe3 42.Kf1 Qxe6 43.Qxc3 h5
44.f4 Qa6+ 45.Kg1 Qe2 46.g3 Qe6 47.Kg2 Qd5+ 48.Qf3 Qc5 49.Qe4 Kf7 50.Nd1 Qd6
51.Qc4+ Kg7 52.Nf2 Qd7 53.Qe4 Kf7 54.Qf3 Qb5 55.f5 Qxf5 56.Qxf5 gxf5 57.h4 e5
58.Kf3 Ke6 59.Nd1 Kd5 60.Ne3+ Ke6 61.Kf2 Kf7 62.Ke2 Ke6 63.Kf3 Ke7 64.Nxf5+ Kf7
65.Ke4 Kg6 66.Ne3  1-0

[Event "Budapest  Agro GM"]
[Site "Budapest"]
[Date "1999.08.01"]
[Round "3"]
[White "Borgo, Giulio"]
[Black "Acs, Peter"]
[Result "0-1"]
[WhiteElo "2444"]
[BlackElo "2525"]

1.e4 c5 2.Nf3 Nc6 3.Bb5 g6 4.Bxc6 bxc6 5.O-O Bg7 6.Re1 Nh6 7.c3 O-O 8.d4 cxd4
9.cxd4 d5 10.e5 f6 11.exf6 exf6 12.Qc2 Bg4 13.Nbd2 Qb6 14.h3 Bf5 15.Qc3 Rfe8
16.Nb3 Nf7 17.Bf4 g5 18.Bg3 Bf8 19.Rac1 Rxe1+ 20.Nxe1 Re8 21.Nc2 Nd6 22.Bxd6 Bxd6
23.Ne3 Bd7 24.Nc5 Bxc5 25.dxc5 Qd8 26.Nc2 Re4 27.Nd4 Qe7 28.b4 Qe5 29.Rd1 g4
30.b5 gxh3 31.bxc6 Bg4 32.c7 Qxc7 33.f3 Qg3 34.Qc2 Re1+ 35.Rxe1 Qxe1+ 36.Kh2 Qe5+
37.g3 Bc8 38.Qd2 Kf7 39.a4 h5 40.f4 Qe4 41.c6 Ke8 42.Nb5 Qe7 43.Qc2 Kf8 44.c7 h4
45.Qd2 a6 46.Nc3 d4 47.Ne2 hxg3+ 48.Nxg3 Qxc7 49.f5 Bxf5 50.Qf2 Qc2 51.Qxc2 Bxc2
52.Kxh3 Ke7 53.Kg4 Kd6 54.Kf4 Bg6 55.Nf1 Kc5 56.Nd2 Kb4 57.Kg4 Kxa4 58.Nf3 d3
59.Kf4 Ka3 60.Ke3 a5  0-1

[Event "Aceimar op 6th"]
[Site "Mondariz Balneario"]
[Date "1999.08.03"]
[Round "8"]
[White "Delgado Palomeque, Marco A"]
[Black "Fluvia Poyatos, Joan"]
[Result "0-1"]
[WhiteElo "2106"]
[BlackElo "2335"]

1.e4 c5 2.Nf3 Nc6 3.Bb5 g6 4.O-O Bg7 5.Re1 Nf6 6.c3 O-O 7.b3 d5 8.e5 Nd7
9.d4 cxd4 10.cxd4 Re8 11.Nc3 Nf8 12.Bxc6 bxc6 13.h3 Ne6 14.Na4 Ba6 15.Nc5 Nxc5
16.dxc5 Qa5 17.Qd4 Rab8 18.Bd2 Qa3 19.Bc3 Rb5 20.b4 Bc8 21.Qd2 Rb8 22.Nd4 Bd7
23.Rab1 e6 24.Rb3 Qa6 25.a4 f6 26.f4 fxe5 27.fxe5 Qc4 28.Bb2 Rf8 29.Rc1 Qa6
30.Qe2 Qxe2 31.Nxe2 a6 32.b5 axb5 33.axb5 Bh6 34.Rcc3 Rxb5 35.Rxb5 cxb5 36.c6 b4
37.Rc2 Bc8 38.Bd4 Ba6 39.c7 Rc8 40.Kf2 Bc4 41.Bb6 b3 42.Rb2 Bg7  0-1

[Event "MK Cafe Cup-B"]
[Site "Koszalin"]
[Date "1999.08.04"]
[Round "2"]
[White "Kasparov, Sergey"]
[Black "Mitnitski, Alexey"]
[Result "1-0"]
[WhiteElo "2425"]
[BlackElo "2215"]

1.e4 c5 2.Nf3 Nc6 3.Bb5 e6 4.O-O Nge7 5.Re1 a6 6.Bf1 d5 7.d3 d4 8.a4 h6 9.Nbd2 Ng6
10.g3 e5 11.h4 Bg4 12.Be2 Be7 13.Nxd4 exd4 14.Bxg4 O-O 15.Nf3 b5 16.Bf5 Qc7
17.h5 Nge5 18.Nxe5 Nxe5 19.f4 Nc6 20.e5 Rae8 21.axb5 axb5 22.Be4 f5 23.exf6 Rxf6
24.Bd2 Kh8 25.Qg4 Nb4 26.Bxb4 cxb4 27.Re2 Ref8 28.Ra8 Bd6 29.Rxf8+ Bxf8 30.Kg2 Qc5
31.Bf3 Qc7 32.Bd5 Bd6 33.Bb3 Qb8 34.Re4 Qa7 35.Re8+ Kh7 36.Bg8+ Kh8 37.Bf7+  1-0

[Event "Hotel Agro IM B"]
[Site "Budapest"]
[Date "1999.08.05"]
[Round "7"]
[White "Tatai, Stefano"]
[Black "Cacco, Christian"]
[Result "0-1"]
[WhiteElo "2357"]
[BlackElo "2292"]

1.e4 c5 2.Nf3 Nc6 3.Bb5 e6 4.Bxc6 bxc6 5.d3 Be7 6.O-O d5 7.Nc3 Nf6 8.Re1 O-O
9.b3 c4 10.e5 Nd7 11.dxc4 dxc4 12.Qd4 Nb6 13.Qg4 f5 14.exf6 Bxf6 15.Bg5 cxb3
16.axb3 e5 17.Qg3 Bf5 18.Ne4 Bxg5 19.Nexg5 h6 20.Ne4 Qc7 21.Qxe5 Qxe5 22.Nxe5 Rae8
23.Nd6 Re6 24.Nxf5 Rxf5 25.Nd3 Rxe1+ 26.Rxe1 Ra5 27.f3 c5 28.c4 Kf7 29.Re5 Nd7
30.Rd5 Ke7 31.Kf2 Ra2+ 32.Kg3 Rd2 33.Nf4 Rb2 34.Rd3 Nf6 35.Re3+ Kf7 36.Nd3 Rd2
37.Kh3 Nd7 38.Ne5+ Kf6 39.Rd3 Rxd3 40.Nxd3 Ke6 41.Kg3 Kd6 42.Kf4 g6 43.h4 Nf8
44.Ke4 Ne6 45.Nf4 Nd4 46.b4 g5 47.hxg5 hxg5 48.Nd3 Nb3 49.bxc5+ Nxc5+ 50.Kd4 Ne6+
51.Kc3 Nf4 52.Nf2 Ke5 53.Ne4 g4 54.Nf2 g3 55.Nd3+ Nxd3 56.Kxd3 a5 57.Kc3  0-1

[Event "Chania op 9th"]
[Site "Chania"]
[Date "1999.08.05"]
[Round "3"]
[White "Bogdanov, Emil"]
[Black "Zahariev, Zahari"]
[Result "0-1"]
[WhiteElo "2257"]
[BlackElo "2422"]

1.e4 c5 2.Nf3 Nc6 3.Bb5 g6 4.c3 Bg7 5.O-O Qb6 6.Na3 Nf6 7.Re1 O-O 8.h3 d5
9.e5 Ne8 10.d4 cxd4 11.cxd4 Nc7 12.Bxc6 bxc6 13.b3 a5 14.Nb1 Nb5 15.a4 Nc7
16.Ba3 Re8 17.Nbd2 Ne6 18.Nf1 Ba6 19.Re3 f6 20.Bb2 Rab8 21.N1d2 Bh6 22.Qe1 Bxe3
23.Qxe3 Qd8 24.Bc3 f5 25.g3 f4 26.gxf4 Rf8 27.Ng5 Nxf4 28.Kh2 Rf5 29.Rg1 Qf8  0-1

[Event "Chania op 9th"]
[Site "Chania"]
[Date "1999.08.05"]
[Round "3"]
[White "Georgiev, Krum"]
[Black "Botsari Miladinovic, Anna Maria"]
[Result "1-0"]
[WhiteElo "2505"]
[BlackElo "2309"]

1.e4 c5 2.Nf3 Nc6 3.Bb5 e6 4.O-O Nge7 5.b3 Nd4 6.Nxd4 cxd4 7.c3 a6 8.Bd3 Nc6
9.cxd4 Nxd4 10.Bb2 Bc5 11.Nc3 d6 12.Kh1 O-O 13.Rc1 Bd7 14.f4 Bc6 15.f5 Qg5
16.f6 g6 17.Ne2 e5 18.Ng3 Bd7 19.Bc4 b5 20.Bd5 Rae8 21.Qe1 Ne6 22.Ne2 Nd4
23.Rc3 Bg4 24.Ng1 Bb4 25.Rg3 Qh5 26.Qe3 Bc5 27.Rxg4 Qxg4 28.Qh6 Nf5 29.exf5 gxf5
30.Rxf5  1-0

[Event "USA-ch (junior)"]
[Site "San Francisco"]
[Date "1999.08.05"]
[Round "9"]
[White "Shahade, Jennifer"]
[Black "Braylovsky, Gregory"]
[Result "0-1"]
[WhiteElo "2290"]
[BlackElo "2271"]

1.e4 c5 2.Nf3 Nc6 3.Bb5 d6 4.O-O Bd7 5.Re1 a6 6.Bf1 g6 7.c3 Bg4 8.h3 Bxf3
9.Qxf3 Bg7 10.Qd1 e5 11.a4 Nge7 12.Na3 O-O 13.Nc4 d5 14.exd5 Nxd5 15.g3 Qc7
16.Bg2 Rad8 17.a5 Rfe8 18.d3 h6 19.Qa4 Kh7 20.Ne3 Nde7 21.Qa3 Rxd3 22.Qxc5 f5
23.Nd5 Nxd5 24.Bxd5 e4 25.Bxc6 Re6 26.Bf4 Rxc6 27.Bxc7 Rxc5 28.Bb6 Rcd5 29.c4 Rd7
30.Rab1 Rb3 31.Re2 Rdd3 32.Rc2 Be5  0-1

[Event "Lost Boys op"]
[Site "Antwerp"]
[Date "1999.08.06"]
[Round "7"]
[White "Seul, Georg"]
[Black "Van Wely, Loek"]
[Result "1-0"]
[WhiteElo "2445"]
[BlackElo "2629"]

1.e4 c5 2.Nf3 Nc6 3.Bb5 e6 4.Bxc6 bxc6 5.d3 Ne7 6.O-O Ng6 7.Ng5 f6 8.Nh3 Be7
9.f4 O-O 10.Nd2 d6 11.b3 a5 12.a4 f5 13.Bb2 Bf6 14.Bxf6 Qxf6 15.Qh5 Ba6 16.Rae1 h6
17.Qe2 Rae8 18.exf5 Qd4+ 19.Kh1 Rxf5 20.Ne4 Bc8 21.Ng3 Rff8 22.f5 Ne5 23.Rf4 Qd5
24.f6 gxf6 25.Ne4 Nd7 26.Rg4+ Kh7 27.Nf4 Qe5 28.Ng6 Qd5 29.c4 Qd4 30.Nxf8+ Nxf8
31.Ng5+  1-0

[Event "MK Cafe Cup-A"]
[Site "Koszalin"]
[Date "1999.08.06"]
[Round "4"]
[White "Magomedov, Magaram"]
[Black "Sherbakov, Ruslan"]
[Result "1/2-1/2"]
[WhiteElo "2604"]
[BlackElo "2541"]

1.e4 c5 2.Nf3 Nc6 3.Bb5 e6 4.O-O Nge7 5.c3 a6 6.Be2 d5 7.exd5 exd5 8.d4 c4
9.Re1 g6 10.b3 cxb3 11.axb3 Bg7 12.Nbd2 O-O 13.b4 Bf5 14.Nb3 Qc7 15.Nc5 Rad8
16.Bg5 h6 17.Bh4 Rde8 18.Bg3 Qb6 19.Bd3 Bc8 20.Bd6 Qd8 21.Bg3 Na7 22.h3 Nec6
23.Qb3 Rxe1+ 24.Rxe1 Nb5 25.Bxb5 axb5 26.Ra1 b6 27.Nd3 Bf5 28.Nde5 Ne7 29.Ra7 h5
30.Qd1 Nc8 31.Nc6 Qe8 32.Rc7 Qe4 33.Nfe5 h4 34.f3 Qe3+ 35.Bf2 Qg5 36.Kh1 Bf6
37.Qe1 Be6 38.Be3 Qh5 39.Ng4 Bg7 40.Bf4 Kh8 41.Be5 Bxg4 42.Bxg7+ Kxg7 43.hxg4 Qg5
44.Qe5+ Kh6 45.Kh2 Qd2 46.Qf6 Qf2 47.g5+ Kh5 48.Qf4 Qg3+ 49.Qxg3 hxg3+ 50.Kxg3 Kxg5
51.Rd7 Kf6 52.Rxd5 Ke6 53.Rxb5 Kd6 54.Ne5 f6 55.Nd3 Kc6 56.c4 Nd6 57.d5+ Kc7
58.Nc5 Re8 59.Ne6+ Rxe6 60.dxe6 Nxb5 61.cxb5 Kd6 62.Kg4 Kxe6 63.f4 Kf7 64.f5 g5
65.Kf3 Ke7 66.Ke4 Kd6 67.Kd4 g4 68.g3 Ke7 69.Ke4 Kd6 70.Kf4 Kd5 71.Kxg4 Ke4
72.Kh5 Kxf5 73.Kh6 Ke6 74.g4 Kd6 75.Kh7 Kd7 76.Kg8 Ke8  1/2-1/2

[Event "MK Cafe Cup-A"]
[Site "Koszalin"]
[Date "1999.08.06"]
[Round "4"]
[White "Ulibin, Mikhail"]
[Black "Lanka, Zigurds"]
[Result "1/2-1/2"]
[WhiteElo "2562"]
[BlackElo "2504"]

1.e4 c5 2.Nf3 Nc6 3.Bb5 g6 4.Bxc6 dxc6 5.d3 Bg7 6.h3 Nf6 7.Nc3 O-O 8.Be3 b6
9.Qd2 e5 10.Bh6 Qe7 11.g4 Ne8 12.O-O-O f6 13.Nh2 Nc7 14.Bxg7 Kxg7 15.f4 exf4
16.Qxf4 Ne6 17.Qg3 Qc7 18.Qxc7+ Nxc7 19.Ne2 Ne6 20.Nf3 Ba6 21.Kd2 Rad8 22.Ke3 Rd6
23.h4 Re8 24.b3 Nc7 25.Kf2 Rf8 26.Nf4 Bc8 27.Kg3 Nb5 28.Rde1 Nd4 29.Nxd4 cxd4
30.g5 Rdd8 31.a4 fxg5 32.hxg5 Rde8 33.Ref1 Re5 34.Kh4  1/2-1/2